000 00845nai a22001937a 4500
003 OSt
005 20170316110705.0
008 170209b xxu||||| |||| 00| 0 eng d
040 _aBMC
_cBMC
082 _a909
245 0 3 _aLa aventura de la historia
_b: junio
_cJavier Villalba, editor
260 _aMadrid
_bGrupo Unidad
_c2000
300 _a130 p.
_c28 cm
_e+ 1 h. pleg.
490 _aLa aventura de la historia
_v20, año 2
505 _aContiene: Auto de fe: inquisición, del horror al arrepentimiento.- Historia documental de España.- El arrepentimiento y la inquisición.- El escenario del auto de fe de 1680.- Los libros más bellos del mundo.- Martín Martínez y los partos monstruosos, (Malformaciones congénitas).- El tequila.-
650 2 4 _91258
_aHistoria universal
700 1 _920715
_aVillalba, Javier‏
942 _2ddc
_cPR
999 _c27133
_d27133